000 00645nam a2200217Ia 4500
003 GCL
008 140319s9999 xx 000 0 ara d
040 _aGCL /
_cGCL
082 0 4 _a956.73
_bس ت
100 1 _aمحمد صادق بحر العلوم
245 1 0 _aتاريخ الكوفة /
_cمحمد صادق بحر العلوم
700 1 _aالسيد حسين بن السيداحمد البراقى النجفى
300 _a468 ص
490 _a
650 0 4 _aتاريخ
650 0 4 _aالعراق
650 0 4 _aالتاريخ الاسلامى
650 0 4 _aالكوفة
650 0 4 _aالمدن العربية
942 _2ddc
_cBK
999 _c37655
_d37655